<?xml version="1.0" encoding="UTF-8"?>
<record
    xmlns:xsi="http://www.w3.org/2001/XMLSchema-instance"
    xsi:schemaLocation="http://www.loc.gov/MARC21/slim http://www.loc.gov/standards/marcxml/schema/MARC21slim.xsd"
    xmlns="http://www.loc.gov/MARC21/slim">

  <leader>00744nam a2200253 a 4500</leader>
  <datafield tag="999" ind1=" " ind2=" ">
    <subfield code="c">22657</subfield>
    <subfield code="d">22657</subfield>
  </datafield>
  <controlfield tag="001">C00605473</controlfield>
  <controlfield tag="003">OSt</controlfield>
  <controlfield tag="005">20230103093329.0</controlfield>
  <controlfield tag="007">ta</controlfield>
  <controlfield tag="008">220321s2021    pe a   gr     000 f spa</controlfield>
  <datafield tag="020" ind1=" " ind2=" ">
    <subfield code="a">9786120069561</subfield>
  </datafield>
  <datafield tag="040" ind1=" " ind2=" ">
    <subfield code="c">MPC</subfield>
  </datafield>
  <datafield tag="082" ind1="1" ind2="4">
    <subfield code="a">869.56/M2297C</subfield>
    <subfield code="b">M2297C</subfield>
  </datafield>
  <datafield tag="100" ind1="1" ind2=" ">
    <subfield code="a">Manya Salas, J. Jes&#xFA;s,</subfield>
    <subfield code="d">1957-,</subfield>
    <subfield code="e">autor.</subfield>
    <subfield code="9">48803</subfield>
  </datafield>
  <datafield tag="245" ind1="1" ind2="0">
    <subfield code="a">El c&#xF3;digo secreto de Pachakuteq /</subfield>
    <subfield code="c">Jes&#xFA;s Manya Salas</subfield>
  </datafield>
  <datafield tag="250" ind1=" " ind2=" ">
    <subfield code="a">Primera edici&#xF3;n</subfield>
  </datafield>
  <datafield tag="264" ind1="3" ind2="1">
    <subfield code="a">Cusco :</subfield>
    <subfield code="b">Inspira,</subfield>
    <subfield code="c">2021.</subfield>
  </datafield>
  <datafield tag="300" ind1=" " ind2=" ">
    <subfield code="a">118 p&#xE1;ginas :</subfield>
    <subfield code="b">ilustraciones ;</subfield>
    <subfield code="c">20 cm.</subfield>
  </datafield>
  <datafield tag="650" ind1="1" ind2="8">
    <subfield code="a">Poes&#xED;as peruanas</subfield>
    <subfield code="y">-Siglo XX.</subfield>
    <subfield code="9">48129</subfield>
  </datafield>
  <datafield tag="650" ind1="1" ind2="8">
    <subfield code="a">Literatura cusque&#xF1;a</subfield>
    <subfield code="9">48805</subfield>
  </datafield>
  <datafield tag="650" ind1="2" ind2="8">
    <subfield code="a">Lengua quechua</subfield>
    <subfield code="v">-Libros de lectura.</subfield>
    <subfield code="9">48804</subfield>
  </datafield>
  <datafield tag="942" ind1=" " ind2=" ">
    <subfield code="2">ddc</subfield>
    <subfield code="c">LIBROS</subfield>
  </datafield>
  <datafield tag="952" ind1=" " ind2=" ">
    <subfield code="0">0</subfield>
    <subfield code="1">0</subfield>
    <subfield code="2">ddc</subfield>
    <subfield code="4">0</subfield>
    <subfield code="7">0</subfield>
    <subfield code="a">SH</subfield>
    <subfield code="b">SH</subfield>
    <subfield code="c">CART</subfield>
    <subfield code="d">2023-01-03</subfield>
    <subfield code="e">Donaci&#xF3;n</subfield>
    <subfield code="g">10.00</subfield>
    <subfield code="o">869.56/M2297C</subfield>
    <subfield code="p">SH0000016497</subfield>
    <subfield code="r">2023-01-03</subfield>
    <subfield code="w">2023-01-03</subfield>
    <subfield code="y">LIBROS</subfield>
  </datafield>
</record>
